00695 2200217 4500001002100000005001700021008004100038035002400079082001000103090002100113100001200134245014000146260002800286300003700314500006000351650002300411850000900434980001300443985000600456999001500462YOGYA-0209000007183020090227093558.0 ind  0010-020900000071830 a368.4 a368.4bPar AlSK aPARMINI aAplikasi program asuransi kecelakaan kerja dalam konteks pelaksanaan Astek pada tenaga kerja di daerah Istimewa yogyakartcoleh Parmini ayogyakartab(s.n)c1994 aVII, 81(21)l lembarbilusc29 cm aSkripsi Fakultas hukum universitas janabadra yogyakarta aKompensasi Pekerja aBPAD a23-08-08 a1 a08A0035833